Business chiefs lash out at transport (Record no. 117064)

MARC details
000 -LEADER
fixed length control field 01194cam a2200229 4500
001 - CONTROL NUMBER
control field WB4009-16
008 - FIXED-LENGTH DATA ELEMENTS--GENERAL INFORMATION
fixed length control field 040301n2004 000 0 eng u
035 ## - SYSTEM CONTROL NUMBER
System control number (Sirsi) u125269
245 ## - TITLE STATEMENT
Title Business chiefs lash out at transport
260 ## - PUBLICATION, DISTRIBUTION, ETC.
Date of publication, distribution, etc. 2004
490 ## - SERIES STATEMENT
Series statement Planning (for the Natural and Built Environment)
Volume/sequential designation (1558) 27 February 2004, 6(1)
520 ## - SUMMARY, ETC.
Summary, etc. The failings of the UK's transport infrastructure are costing businesses at least £15bn annually, claim the British Chambers of Commerce. Only 10% of companies feel that the transport system meets their business needs and just 2% believe that government will effectively solve the transport problems holding their businesses back, according to a survey carried out for the BCC by NOP World. BCC press release http://www.chamberonline.co.uk/cmn/viewdoc.jsp?doc id=BEP1_pressrel_0000062636&cat=all. Download the survey http://www.chamberonline.co.uk/pdf/Transport_Surve y.pdf.
590 ## - LOCAL NOTE (RLIN)
Local note WB
590 ## - LOCAL NOTE (RLIN)
Local note WB
650 ## - SUBJECT ADDED ENTRY--TOPICAL TERM
Topical term or geographic name entry element TRANSPORT INFRASTRUCTURE
650 ## - SUBJECT ADDED ENTRY--TOPICAL TERM
Topical term or geographic name entry element BUSINESS CONFIDENCE
650 ## - SUBJECT ADDED ENTRY--TOPICAL TERM
Topical term or geographic name entry element ROAD NETWORK
650 ## - SUBJECT ADDED ENTRY--TOPICAL TERM
Topical term or geographic name entry element BUSINESSES
650 ## - SUBJECT ADDED ENTRY--TOPICAL TERM
Topical term or geographic name entry element TRANSPORT ISSUES
690 ## - LOCAL SUBJECT ADDED ENTRY--TOPICAL TERM (OCLC, RLIN)
Topical term or geographic name as entry element TRANSPORT AND COMMUNICATIONS
942 ## - ADDED ENTRY ELEMENTS (KOHA)
Suppress in OPAC 0
Holdings
Withdrawn status Lost status Source of classification or shelving scheme Damaged status Not for loan Home library Current library Shelving location Date acquired Total Checkouts Full call number Barcode Date last seen Copy number Price effective from Koha item type
    Dewey Decimal Classification     London London News article 01/03/2004   WB4009-16 125269-1001 06/08/2019 1 06/08/2019 News article